000 00273nam a22001097a 4500
082 _a320
100 _aM,Laxmikant
_983328
245 _aIndian Polity For Civil Services Examinations
260 _aChennai
_bMagrah Hill Education
_c2025
650 _aPolity
942 _cC. BOOKS
999 _c68182
_d68182